Verbálna manipulácia

Bibliographic Details
Main Author: Čulenová, Eva, 1975- (Author)
Format: Book
Language:Slovak
PhysicalDescription:233 strán ilustrácie
Published: Banská Bystrica Signis 2019
ISBN:9788099936028
Edition:Druhé, upravené a prepracované vydanie
Subjects:

MARC

LEADER 00000nam a2200000 4500
001 vtls011904486
003 SK-MaSNL
005 20260301185456.0
008 210701s2019 xo a grn 000 0 slo
015 |a SNBA2020/11 
020 |a 9788099936028  |q (brožované) 
035 |a urn:nbn:sk:snk-am00feua 
035 |a urn:nbn:sk:snk-am3ir92 
035 |a E9928BB5-0E33-4AC5-A3E6-5035EAA75345 
040 |a SNK  |b slo  |c SNK  |e rda 
041 0 |a slo 
044 |a xo  |c SK 
072 7 |a 316.4/.7  |x Sociálne interakcie  |2 konspekt 
080 |a 316.772.2  |2 2011 
080 |a 316.628  |2 2011 
080 |a 159.947.2-026.17  |2 2011 
080 |a (048.8)  |2 2011 
100 1 |a Čulenová, Eva,  |d 1975-  |4 aut  |9 172577 
245 1 0 |a Verbálna manipulácia  |c Eva Čulenová 
250 |a Druhé, upravené a prepracované vydanie 
264 1 |a Banská Bystrica  |b Signis  |c 2019 
300 |a 233 strán  |b ilustrácie 
336 |a text  |b txt  |2 rdacontent 
337 |a bez média  |b n  |2 rdamedia 
338 |a zväzok  |b nc  |2 rdacarrier 
366 |e 150 kusov 
504 |a Bibliografia na strane 215-222 
650 0 7 |a verbálna komunikácia  |2 SNKPH  |9 1561 
650 0 7 |a manipulácia (psychológia)  |2 SNKPH  |9 4934 
650 0 7 |a brainwashing  |2 SNKPH  |9 92379 
650 0 7 |a Verbal communication  |2 SNKPHeng  |9 312725 
650 0 7 |a Manipulation (psychology)  |2 SNKPHeng  |9 317680 
655 7 |a monografie  |2 SNKPH  |9 70139 
655 7 |a Monographs  |2 SNKPHeng  |9 120675 
919 |a 978-80-99936-02-8 
958 |a OND 
958 |a NB 
958 |a SP 
999 |c 864113  |d 866043 
952 |a SNK  |b SNK  |y PREZ  |7 0  |p 17A1393901  |o snkSC 186932  |i snk2019/30900  |8 0  |0 0  |1 0  |4 0  |d 2019-12-02  |f 1  |l 0  |r 2026-02-24 05:22:04  |w 2026-02-24 
952 |a SNK  |b SNKPULT  |y VYP  |7 0  |p 17A1393902  |o snkSC 186932 D1  |i snk2019/30901  |8 0  |0 0  |1 0  |4 0  |d 2019-12-02  |l 1  |m 1  |q 2026-06-10  |r 2026-04-10 11:10:10  |s 2026-04-10  |w 2026-02-24